00483nam a2200181Ia 4500003000400000005001700004006001900021007000300040008004100043024001100084037001300095040001800108041001300126100002500139245011400164260000900278300001400287OSt20221007083250.0a|||||r|||| 00| 0 ta221006b |||||||| |||| 00| 0 eng d a38,446 cTheseses aFLLcFLLbeng 2engaeng aVijay Kumar Himanshu 0aLaw of patenting of biotechnological invention and its effect on food security, public health and environment c2010 a306pccm.